000
00319nam a22001217a 4500
082
_a
370
100
_a
Madan , kvs
_9
82604
245
_a
NTA UGC NET SET JRF 2024 TEACHING AND RESEACH APTITUDE PAPER 1
250
_a
8TH
260
_a
Noida
_b
pearson india education services
_c
2024
650
_a
Education
942
_c
BK
999
_c
67244
_d
67244